| 000 | 01056nam a2200301 a 4500 | ||
|---|---|---|---|
| 001 | 000108615 | ||
| 003 | CHAP | ||
| 005 | 20220329144018.0 | ||
| 008 | 140227s2012 mx sm |||||||spa d | ||
| 010 | _a105077 | ||
| 011 | _a106049 | ||
| 040 | _cCHAP | ||
| 090 | _aTesis | ||
| 100 | 1 |
_aRivera Flores, Elfego Baruch _9125645 |
|
| 245 | 1 | 0 |
_aEconomía y política _h[En línea] _bel caso de la política pública / _cpor Elfego Baruch Rivera Flores. |
| 260 |
_aChapingo, Méx. : _bEl autor, _c2012. |
||
| 500 | _aPara ver el contenido del material haga clic en la liga | ||
| 502 | _aTesis (Ing. Agr. Esp. en Sociología Rural) -- UACH. Sociología Rural | ||
| 590 |
_aBATCH-UPD _b05 _c20140324 _lUCH01 _h1535 |
||
| 590 |
_aBATCH-UPD _b05 _c20141002 _lUCH01 _h0856 |
||
| 590 |
_aE5765TAJ _b05 _c20140227 _lUCH01 _h1110 |
||
| 590 |
_aE5765TAJ _b05 _c20140227 _lUCH01 _h1112 |
||
| 650 | 1 | 4 |
_aPolítica económica _zMéxico. _990535 |
| 856 |
_aFinding aid _uhttp://10.13.5.2/tesis/sist108615.pdf _zTeclea aquí |
||
| 901 | _aBK | ||
| 942 | _cTESIS | ||
| 942 | _n0 | ||
| 999 |
_c105077 _d105077 |
||